Desarrollo de un sistema de gestión de información en el área de soporte técnico de Productos Avanzados de Computación S.A

Tallennettuna:
Bibliografiset tiedot
Päätekijä: Cordero Herrera, José María
Aineistotyyppi: Kirja
Julkaistu: San José, C.R. 2001
Aiheet:
Tagit: Lisää tagi
Ei tageja, Lisää ensimmäinen tagi!

MARC

LEADER 00000nam a2200000Ia 4500
003 008793
005 20221231144200.0
008 140114s2001 cr a m 000 ||s d
040 |c cru CEDI 
090 |a TFG 4353 
100 |a Cordero Herrera, José María  |9 7706 
245 |a Desarrollo de un sistema de gestión de información en el área de soporte técnico de Productos Avanzados de Computación S.A 
260 |c 2001  |a  San José, C.R. 
300 |a xvii, 221 hojas : ilustraciones  
500 |a  Tesis (licenciatura en ingeniería industrial)--Universidad de Costa Rica. Facultad de Ingeniería. Escuela de Ingeniería Industrial 
650 |x PLANIFICACION ESTRATEGICA   |x SISTEMAS DE INFORMACION   |x ADMINISTRACION  |9 7707 
942 |c TFG 
999 |c 18085  |d 18085